000 00592nam a2200169Ia 4500
008 260427s2026 xx 000 0 und d
041 _aHin
082 _a330
082 _bशाहा
100 _aशाहा रमणलाल
245 _aशाहू फुले आंबेडकर : एक शोध समता व स्वातंत्र्य
260 _aसातारा
_bअनिकता रोहित शाहा
_c2026
300 _a402p
365 _d500
650 _aसमाजशास्त्र
700 _aशाहा रमणलाल
999 _c1221102
_d1221102